[Event "Meurthe et Moselle GM"]
[Site "Nancy FRA"]
[Date "2007.02.20"]
[Round "3"]
[White "Moradiabadi, E."]
[Black "Guliyev, N."]
[Result "1/2-1/2"]
[WhiteElo "2569"]
[BlackElo "2545"]
[PlyCount "43"]
[EventDate "2007.02.19"]
[SourceDate "1999.07.01"]

1. d4 d5 2. c4 dxc4 3. Nf3 Nf6 4. e3 e6 5. Bxc4 a6 6. Bb3 c5 7. O-O Nc6 8. Nc3
Be7 9. dxc5 Qxd1 10. Rxd1 Bxc5 11. Bd2 Bd7 12. Rac1 Ba7 13. Be1 Ke7 14. Na4
Rhd8 15. Nc5 Bxc5 16. Rxc5 Be8 17. Rdc1 Ne4 18. R5c4 Nd6 19. Rc5 Ne4 20. R5c2
e5 21. Bc4 f6 22. Be2 1/2-1/2

[Event "V Ilijas Subasic Mem"]
[Site "Zenica BIH"]
[Date "2006.12.13"]
[Round "6"]
[White "Drasko, M."]
[Black "Berkes, F."]
[Result "1/2-1/2"]
[WhiteElo "2547"]
[BlackElo "2589"]
[PlyCount "36"]
[EventDate "2006.12.08"]
[SourceDate "1999.07.01"]

1. d4 d5 2. c4 dxc4 3. Nf3 Nf6 4. e3 Bg4 5. Bxc4 e6 6. h3 Bh5 7. Nc3 Nbd7 8.
O-O Be7 9. Be2 O-O 10. b3 Nd5 11. Bb2 Rc8 12. Nd2 Ba3 13. Qc1 Bxe2 14. Nxe2
Bxb2 15. Qxb2 c5 16. Rac1 Qe7 17. Qa3 cxd4 18. Qxe7 Nxe7 1/2-1/2

[Event "24th ECC"]
[Site "Kallithea GRE"]
[Date "2008.10.20"]
[Round "4"]
[White "Pelletier, Y."]
[Black "Maksimenko, An"]
[Result "1-0"]
[WhiteElo "2557"]
[BlackElo "2536"]
[PlyCount "77"]
[EventDate "2008.10.17"]
[SourceDate "1999.07.01"]

1. d4 d5 2. c4 dxc4 3. Nf3 a6 4. e3 b5 5. a4 Bb7 6. b3 e6 7. bxc4 bxc4 8. Bxc4
Nf6 9. O-O c5 10. Qe2 Nbd7 11. Rd1 Be7 12. Bb2 O-O 13. Nbd2 cxd4 14. Bxd4 Bb4
15. e4 Qe7 16. e5 Nd5 17. Ne4 Rfc8 18. Rac1 a5 19. Bb5 h6 20. g3 Rxc1 21. Rxc1
Rc8 22. Rd1 Rd8 23. Ne1 Nc7 24. Bd3 Nb8 25. Bc2 Nc6 26. Bb2 Rxd1 27. Qxd1 Bxe1
28. Qxe1 Nb4 29. Bb1 Nca6 30. Nd6 Bc6 31. h4 Qa7 32. Qd1 Nc5 33. Bd4 Qb6 34.
Qh5 Be8 35. Nxe8 Nc6 36. Bxc5 Qxc5 37. Qd1 Nd4 38. Nd6 Qxe5 39. Nb5 1-0

[Event "5th GM"]
[Site "Mulhouse FRA"]
[Date "2008.06.27"]
[Round "3"]
[White "Gozzoli, Y."]
[Black "Lazic, Mir"]
[Result "1/2-1/2"]
[WhiteElo "2509"]
[BlackElo "2539"]
[PlyCount "41"]
[EventDate "2008.06.25"]
[SourceDate "1999.07.01"]

1. d4 d5 2. c4 dxc4 3. Nf3 Nf6 4. e3 e6 5. Bxc4 a6 6. O-O c5 7. Bb3 b5 8. a4 b4
9. a5 Be7 10. Ba4+ Bd7 11. Nbd2 O-O 12. Nc4 Bb5 13. Bxb5 axb5 14. Nb6 Ra7 15.
dxc5 Bxc5 16. Bd2 Ne4 17. Qc2 Nxd2 18. Qxd2 Bxb6 19. axb6 Rxa1 20. Rxa1 Qxb6
21. Qxb4 1/2-1/2

[Event "World Open"]
[Site "Philadelphia USA"]
[Date "2008.07.04"]
[Round "5"]
[White "Ramirez, Alej"]
[Black "Ganguly, S."]
[Result "1/2-1/2"]
[WhiteElo "2531"]
[BlackElo "2631"]
[PlyCount "64"]
[EventDate "2008.07.02"]
[SourceDate "1999.07.01"]

1. d4 d5 2. c4 dxc4 3. Nf3 Nf6 4. e3 e6 5. Bxc4 a6 6. O-O c5 7. Bb3 b5 8. a4 b4
9. e4 Bb7 10. e5 Ne4 11. Nbd2 Nxd2 12. Bxd2 cxd4 13. Ng5 Bd5 14. Rc1 Nc6 15.
Bxd5 Qxd5 16. Qf3 Qxf3 17. Nxf3 Kd7 18. Rfd1 Rc8 19. Be1 Ne7 20. Rxc8 Kxc8 21.
Rc1+ Kb7 22. Ng5 Nc6 23. Nxf7 Rg8 24. Ng5 Nxe5 25. Nxe6 Nd3 26. Rd1 Nxb2 27.
Rxd4 Nxa4 28. Nxf8 Rxf8 29. Rxb4+ Nb6 30. Rh4 h6 31. Rg4 g5 32. h4 gxh4 1/2-1/2

[Event "Duras GM Teplarny"]
[Site "Brno CZE"]
[Date "2008.07.03"]
[Round "8"]
[White "Polak, T."]
[Black "Mista, A."]
[Result "1/2-1/2"]
[WhiteElo "2553"]
[BlackElo "2537"]
[PlyCount "25"]
[EventDate "2008.06.27"]
[SourceDate "1999.07.01"]

1. d4 d5 2. c4 dxc4 3. Nf3 Nf6 4. e3 e6 5. Bxc4 c5 6. O-O a6 7. dxc5 Qxd1 8.
Rxd1 Bxc5 9. Be2 Nbd7 10. b3 b6 11. Bb2 Bb7 12. Nbd2 Ke7 13. Rac1 1/2-1/2

[Event "ch-CHN"]
[Site "Beijing CHN"]
[Date "2008.06.01"]
[Round "4"]
[White "Zhou Weiqi"]
[Black "Zhang Pengxiang"]
[Result "1/2-1/2"]
[WhiteElo "2560"]
[BlackElo "2640"]
[PlyCount "24"]
[EventDate "2008.05.29"]
[SourceDate "1999.07.01"]

1. d4 d5 2. c4 dxc4 3. Nf3 Nf6 4. e3 e6 5. Bxc4 c5 6. O-O a6 7. dxc5 Qxd1 8.
Rxd1 Bxc5 9. Nbd2 Nbd7 10. Be2 b6 11. b3 Bb7 12. Bb2 O-O 1/2-1/2

[Event "ch-CHN"]
[Site "Beijing CHN"]
[Date "2008.06.08"]
[Round "11"]
[White "Zhou Jianchao"]
[Black "Zhang Pengxiang"]
[Result "1/2-1/2"]
[WhiteElo "2580"]
[BlackElo "2640"]
[PlyCount "107"]
[EventDate "2008.05.29"]
[SourceDate "1999.07.01"]

1. d4 d5 2. c4 dxc4 3. Nf3 Nf6 4. e3 e6 5. Bxc4 a6 6. O-O c5 7. Bb3 Nc6 8. Qe2
cxd4 9. Rd1 Be7 10. Nxd4 Qc7 11. Nxc6 Qxc6 12. Nc3 b5 13. e4 Bb7 14. f3 O-O 15.
Be3 Rfd8 16. Rdc1 Qe8 17. a4 b4 18. Nd1 Rdc8 19. Nf2 Nd7 20. Nd3 Bd6 21. Bd4 a5
22. Bc4 Qe7 23. e5 Bc7 24. Qe3 Bd8 25. Bb5 h6 26. h3 Nf8 27. Nc5 Ng6 28. Bd3
Bd5 29. Ne4 Qh4 30. Rxc8 Rxc8 31. Nd6 Rc6 32. Bxg6 fxg6 33. Qd3 b3 34. Bc3 Kh7
35. Ne4 Bc7 36. Kh1 Qf4 37. Re1 Rc4 38. Qd1 Bxe4 39. Rxe4 Rxe4 40. fxe4 Bb6 41.
Bd4 Bxd4 42. Qxd4 Qf1+ 43. Kh2 Qe2 44. Kg3 h5 45. Qc3 Qc2 46. Qd4 Qe2 47. Qc3
Qc2 48. Qd4 g5 49. Kh2 h4 50. Qb6 Qxe4 51. Qxe6 Qf4+ 52. Kh1 Qc1+ 53. Kh2 Qf4+
54. Kh1 1/2-1/2

[Event "TCh-BIH"]
[Site "Neum BIH"]
[Date "2008.06.04"]
[Round "1"]
[White "Gyimesi, Z."]
[Black "Leventic, I."]
[Result "1/2-1/2"]
[WhiteElo "2600"]
[BlackElo "2509"]
[PlyCount "54"]
[EventDate "2008.06.04"]
[SourceDate "1999.07.01"]

1. d4 d5 2. c4 dxc4 3. Nf3 c5 4. e4 cxd4 5. Qxd4 Qxd4 6. Nxd4 Bd7 7. Bxc4 Nc6
8. Nxc6 Bxc6 9. f3 Rc8 10. Be3 Bxe4 11. Bxf7+ Kxf7 12. fxe4 e5 13. O-O+ Nf6 14.
Bxa7 Ra8 15. Be3 Bb4 16. Nd2 Bxd2 17. Bxd2 Ke6 18. a3 Nxe4 19. Bb4 Rhd8 20.
Rfe1 Rd4 21. Rac1 Rad8 22. Rc7 R8d7 23. Rc8 Rd1 24. Kf1 Nf6 25. Bc3 Rxe1+ 26.
Kxe1 Kf5 27. Rc4 h5 1/2-1/2

[Event "IX EICC"]
[Site "Plovdiv BUL"]
[Date "2008.04.30"]
[Round "9"]
[White "Kozul, Z."]
[Black "Mista, A."]
[Result "1/2-1/2"]
[WhiteElo "2583"]
[BlackElo "2537"]
[PlyCount "144"]
[EventDate "2008.04.21"]
[SourceDate "1999.07.01"]

1. d4 d5 2. c4 dxc4 3. Nf3 Nf6 4. e3 e6 5. Bxc4 c5 6. O-O a6 7. Re1 Nc6 8. Nc3
b5 9. Bd3 Bb7 10. a4 b4 11. Ne4 Nxe4 12. Bxe4 Qb6 13. a5 Qc7 14. Bd2 Nxa5 15.
Bxb7 Nxb7 16. Ne5 f6 17. Qa4+ Ke7 18. Nd3 Kf7 19. Rec1 Qb6 20. Bxb4 cxb4 21.
Qd7+ Be7 22. Rc6 Qb5 23. Qxe6+ Kf8 24. Rc7 Re8 25. Qxa6 Qxa6 26. Rxa6 Nd6 27.
g3 Rb8 28. Rd7 Nc8 29. h4 Kf7 30. h5 Nb6 31. Rc7 Nd5 32. Rcc6 b3 33. Ra7 Rhc8
34. Rxc8 Rxc8 35. Rb7 Rc7 36. Rxb3 g6 37. hxg6+ hxg6 38. Rb5 Rd7 39. Kg2 g5 40.
Kf3 Nc7 41. Rb7 Ke6 42. b4 Nd5 43. Rb8 Bd6 44. Nc5+ Bxc5 45. dxc5 f5 46. b5 g4+
47. Kg2 Ne7 48. c6 Rc7 49. Rh8 Rc8 50. Rh6+ Kd5 51. Rh7 Kd6 52. Kf1 Nd5 53. Rf7
Ke6 54. Rb7 Ke5 55. Ke2 Ke4 56. Kd2 Kf3 57. Rf7 f4 58. gxf4 Kxf2 59. e4 Ne3 60.
Rg7 g3 61. f5 g2 62. Kc3 Kf3 63. Rxg2 Nxg2 64. Kd4 Kf4 65. Kc5 Ne1 66. b6 Nd3+
67. Kd6 Ne5 68. c7 Nc4+ 69. Kc6 Nxb6 70. Kxb6 Kxe4 71. Kb7 Rxc7+ 72. Kxc7 Kxf5
1/2-1/2

[Event "IX EICC"]
[Site "Plovdiv BUL"]
[Date "2008.04.30"]
[Round "9"]
[White "Kuzubov, Y."]
[Black "Heberla, B."]
[Result "1/2-1/2"]
[WhiteElo "2603"]
[BlackElo "2509"]
[PlyCount "66"]
[EventDate "2008.04.21"]
[SourceDate "1999.07.01"]

1. d4 d5 2. c4 dxc4 3. Nf3 a6 4. e3 b5 5. a4 Bb7 6. b3 e6 7. axb5 axb5 8. Rxa8
Bxa8 9. bxc4 bxc4 10. Qa4+ Nd7 11. Ne5 Ngf6 12. Bxc4 Bxg2 13. Rg1 Qa8 14. Bb5
Qxa4 15. Bxa4 Bb7 16. f3 Bb4+ 17. Bd2 Bxd2+ 18. Nxd2 g6 19. Nb3 Ke7 20. Bxd7
Nxd7 21. Nxd7 Kxd7 22. Nc5+ Kc8 23. Kf2 Rd8 24. Rg4 Rd5 25. Rh4 h5 26. Rf4 Rf5
27. Rxf5 exf5 28. h4 Bd5 29. e4 fxe4 30. fxe4 Bc4 31. Kf3 Kd8 32. Kf4 f6 33. e5
Ke7 1/2-1/2

[Event "IX EICC"]
[Site "Plovdiv BUL"]
[Date "2008.05.01"]
[Round "10"]
[White "Atalik, S."]
[Black "Bosiocic, Mari"]
[Result "1/2-1/2"]
[WhiteElo "2592"]
[BlackElo "2503"]
[PlyCount "64"]
[EventDate "2008.04.21"]
[SourceDate "1999.07.01"]

1. d4 d5 2. c4 dxc4 3. Nf3 a6 4. e3 b5 5. a4 Bb7 6. axb5 axb5 7. Rxa8 Bxa8 8.
b3 e6 9. bxc4 bxc4 10. Bxc4 Nf6 11. O-O Nbd7 12. Nc3 Bd6 13. Qc2 O-O 14. Rd1 c5
15. Ba3 Qa5 16. Nb5 Bxf3 17. gxf3 Rb8 18. dxc5 Bxc5 19. Bxc5 Nxc5 20. Nd4 Qb6
21. Bf1 g6 22. f4 Ncd7 23. Bg2 Qb2 24. Qc7 Qb6 25. Qc1 Qc5 26. Bf3 Qxc1 27.
Rxc1 e5 28. fxe5 Nxe5 29. Be2 Rb7 30. Rc2 Kg7 31. Kg2 Re7 32. h3 Ra7 1/2-1/2

[Event "IX EICC"]
[Site "Plovdiv BUL"]
[Date "2008.04.22"]
[Round "2"]
[White "Blagojevic, Dr"]
[Black "Kuzubov, Y."]
[Result "1/2-1/2"]
[WhiteElo "2532"]
[BlackElo "2603"]
[PlyCount "21"]
[EventDate "2008.04.21"]
[SourceDate "1999.07.01"]

1. d4 d5 2. c4 dxc4 3. Nf3 Nf6 4. e3 e6 5. Bxc4 c5 6. O-O a6 7. b3 Nc6 8. Bb2
cxd4 9. Nxd4 Nxd4 10. Bxd4 Bd6 11. Nd2 1/2-1/2

[Event "10th Open"]
[Site "Dubai UAE"]
[Date "2008.04.13"]
[Round "8"]
[White "Gupta, Ab"]
[Black "Kuzubov, Y."]
[Result "1-0"]
[WhiteElo "2521"]
[BlackElo "2603"]
[PlyCount "97"]
[EventDate "2008.04.07"]
[SourceDate "1999.07.01"]

1. d4 d5 2. c4 dxc4 3. Nf3 Nf6 4. e3 e6 5. Bxc4 c5 6. O-O a6 7. dxc5 Bxc5 8.
Qxd8+ Kxd8 9. Nbd2 Nbd7 10. Be2 Ke7 11. Nc4 Rd8 12. Rd1 a5 13. Nd4 Nb6 14. Ne5
Nfd7 15. Nd3 Bxd4 16. exd4 Nd5 17. Bf3 b6 18. Bxd5 exd5 19. Re1+ Kf6 20. h4 h6
21. Bf4 Ba6 22. Ne5 Rac8 23. Re3 Kf5 24. Rf3 Be2 25. Re3 Kxf4 26. g3+ Kf5 27.
Nxf7 Ba6 28. Rae1 Rf8 29. Nd6+ Kg6 30. Nxc8 Rxc8 31. Re6+ Nf6 32. Rxb6 Bd3 33.
Rb3 Bc2 34. Rc1 Rc4 35. Rb5 a4 36. f3 Kf5 37. Kf2 g5 38. Ke3 g4 39. Rc5 Rb4 40.
R1xc2 gxf3 41. Rc7 h5 42. R2c6 Ng4+ 43. Kd3 Nf2+ 44. Kc3 Rc4+ 45. Rxc4 Ne4+ 46.
Kd3 dxc4+ 47. Ke3 f2 48. Rf7+ Kg6 49. Rxf2 1-0

[Event "FSGM April"]
[Site "Budapest HUN"]
[Date "2008.04.11"]
[Round "7"]
[White "Kosic, D."]
[Black "Ilincic, Z."]
[Result "1/2-1/2"]
[WhiteElo "2500"]
[BlackElo "2548"]
[PlyCount "35"]
[EventDate "2008.04.05"]
[SourceDate "1999.07.01"]

1. d4 d5 2. c4 dxc4 3. Nf3 Nf6 4. e3 e6 5. Bxc4 a6 6. O-O c5 7. dxc5 Qxd1 8.
Rxd1 Bxc5 9. b3 b5 10. Be2 Bb7 11. Bb2 Nbd7 12. Nbd2 Ke7 13. a4 bxa4 14. Rxa4
Nb6 15. Raa1 Rhc8 16. Ne5 g6 17. Ndc4 Nxc4 18. Bxc4 1/2-1/2

[Event "TCh-AUT 1st Bundesliga 2007-8"]
[Site "Graz AUT"]
[Date "2008.03.15"]
[Round "10"]
[White "Hulak, K."]
[Black "Rausis, I."]
[Result "1-0"]
[WhiteElo "2552"]
[BlackElo "2520"]
[PlyCount "139"]
[EventDate "2008.03.14"]
[SourceDate "1999.07.01"]

1. d4 d5 2. c4 dxc4 3. Nf3 Nf6 4. e3 e6 5. Bxc4 c5 6. O-O a6 7. dxc5 Bxc5 8.
Qxd8+ Kxd8 9. b3 Nbd7 10. Nbd2 Nb6 11. Be2 Bd7 12. Ne5 Ke7 13. Bf3 Rab8 14. Bb2
Rhc8 15. Rfd1 Bb4 16. Nd3 Bxd2 17. Rxd2 Bc6 18. Be5 Ra8 19. Nc5 Nbd5 20. e4 Nb6
21. Rad1 Kf8 22. a4 a5 23. h3 h6 24. Rd4 Ne8 25. R4d3 Nf6 26. Kh2 Re8 27. Rd4
Kg8 28. g4 Re7 29. Bd6 Ree8 30. Be5 Re7 31. Bd6 Ree8 32. Bc7 Nc8 33. Kg3 b6 34.
Nd3 Ra7 35. Bf4 Ne7 36. Ne5 Bb7 37. Be3 Raa8 38. h4 Nc6 39. Nxc6 Bxc6 40. Rc4
Rec8 41. Rdc1 Bd7 42. Rxc8+ Bxc8 43. Bxb6 Bb7 44. Rc4 e5 45. g5 hxg5 46. hxg5
Nh7 47. Rc7 Bc8 48. Bg4 Bxg4 49. Kxg4 Nf8 50. Ra7 Rxa7 51. Bxa7 Nd7 52. Kf3 Kf8
53. Ke3 Ke7 54. Kd3 Kd6 55. Kc4 Kc6 56. Be3 f6 57. gxf6 Nxf6 58. f3 Ne8 59. Bd2
Nd6+ 60. Kd3 Kb6 61. Bc3 Nf7 62. Kc4 Ng5 63. Bxe5 Nxf3 64. Bxg7 Nd2+ 65. Kd5
Nxb3 66. Bh6 Na1 67. Be3+ Kc7 68. Bd2 Nb3 69. Bf4+ Kb6 70. Kc4 1-0

[Event "6th Festival Gp A"]
[Site "Nancy FRA"]
[Date "2008.02.19"]
[Round "3"]
[White "Gozzoli, Y."]
[Black "Guliyev, N."]
[Result "1-0"]
[WhiteElo "2510"]
[BlackElo "2570"]
[PlyCount "73"]
[EventDate "2008.02.18"]
[SourceDate "1999.07.01"]

1. d4 d5 2. c4 dxc4 3. Nf3 a6 4. e3 e6 5. Bxc4 c5 6. O-O b5 7. Bb3 Bb7 8. a4 b4
9. a5 Nf6 10. Nbd2 cxd4 11. Ba4+ Nbd7 12. Nc4 Be7 13. Nb6 O-O 14. Nxa8 Qxa8 15.
exd4 Rd8 16. Qe2 Nf8 17. Rd1 Ng6 18. Bb3 Nd5 19. Ne5 Ndf4 20. Bxf4 Nxf4 21. Qg4
g5 22. d5 Rxd5 23. Bxd5 Bxd5 24. Rd4 f5 25. Qd1 Bf6 26. Rxd5 Nxd5 27. Nd3 Kg7
28. Qa4 Qb7 29. Re1 Kf7 30. Rxe6 Qc8 31. Re1 Qc4 32. Qe8+ Kg7 33. Ne5 Qc7 34.
Nd7 Qxa5 35. Qf8+ Kg6 36. Qg8+ Kh6 37. Nf8 1-0

[Event "13th HIT Open A"]
[Site "Nova Gorica SLO"]
[Date "2008.02.01"]
[Round "9"]
[White "Cebalo, M."]
[Black "Hera, I."]
[Result "1-0"]
[WhiteElo "2547"]
[BlackElo "2526"]
[PlyCount "63"]
[EventDate "2008.01.26"]
[SourceDate "1999.07.01"]

1. d4 d5 2. c4 dxc4 3. Nf3 Nf6 4. e3 e6 5. Bxc4 a6 6. Bb3 b6 7. Nc3 Bb7 8. O-O
Nbd7 9. Qe2 Bb4 10. Rd1 O-O 11. a3 Bxc3 12. bxc3 c5 13. c4 Qc7 14. Bb2 cxd4 15.
exd4 Rfe8 16. a4 a5 17. h3 Rac8 18. Rac1 Qb8 19. Rc3 Ne4 20. Re3 Nd6 21. Ne5
Nxe5 22. Rxe5 Ba6 23. Rc1 Qb7 24. d5 exd5 25. Qg4 Rxe5 26. Bxe5 Ne8 27. Re1
dxc4 28. Bc2 f6 29. Qe6+ Kh8 30. Be4 Qa7 31. Bd6 Nc7 32. Bxc7 1-0

[Event "15th TCh-Asia"]
[Site "Visakhpatnam IND"]
[Date "2008.01.03"]
[Round "1"]
[White "Dao Thien Hai"]
[Black "Zhou Jianchao"]
[Result "1-0"]
[WhiteElo "2517"]
[BlackElo "2551"]
[PlyCount "93"]
[EventDate "2008.01.03"]
[SourceDate "1999.07.01"]

1. d4 d5 2. c4 dxc4 3. Nf3 Nf6 4. e3 e6 5. Bxc4 a6 6. O-O c5 7. Bd3 Nc6 8. a3
cxd4 9. exd4 Be7 10. Nc3 O-O 11. Re1 b6 12. Bc2 Bb7 13. Qd3 g6 14. Bh6 Re8 15.
Rad1 Rc8 16. Bb3 Na5 17. Ba2 b5 18. Ne5 Nd5 19. Ne4 Nc6 20. Ng4 Nb8 21. Nc5 Ba8
22. h3 Nd7 23. b4 N7f6 24. Ne5 Qb6 25. Bg5 Qa7 26. Qd2 Bf8 27. Bb3 Bg7 28. Ra1
Nh5 29. g4 Nhf6 30. a4 Qb8 31. Nxa6 Qb7 32. Nc5 Rxc5 33. bxc5 Ne7 34. f3 Nd7
35. c6 Nxc6 36. Nxc6 Qxc6 37. d5 Qb7 38. dxe6 fxe6 39. Rxe6 Rxe6 40. Bxe6+ Kh8
41. Qxd7 Qxd7 42. Bxd7 Bxa1 43. axb5 Bxf3 44. Kf2 Bd5 45. Bc6 Be6 46. b6 Bd4+
47. Be3 1-0

[Event "Zvenigorodskaya Open A"]
[Site "Zvenigorod RUS"]
[Date "2008.09.26"]
[Round "2"]
[White "Lysyj, I."]
[Black "Filippov, An UZB"]
[Result "1-0"]
[WhiteElo "2596"]
[BlackElo "2531"]
[PlyCount "71"]
[EventDate "2008.09.25"]
[SourceDate "1999.07.01"]

1. d4 d5 2. c4 dxc4 3. Nf3 Nf6 4. e3 e6 5. Bxc4 c5 6. O-O a6 7. Bb3 b5 8. a4 b4
9. dxc5 Qc7 10. Nbd2 Bxc5 11. Bc2 Bb7 12. b3 O-O 13. Bb2 Nbd7 14. Rc1 Rac8 15.
Qe2 Qb8 16. Nc4 Be7 17. Rfd1 Bd5 18. Nfd2 Nb6 19. Be5 Qa7 20. Bd4 Bc5 21. Bxf6
gxf6 22. Nxb6 Bxb6 23. Be4 Rxc1 24. Rxc1 Bxe4 25. Nxe4 Bd8 26. g4 Qa8 27. Qf3
Qd5 28. Rc4 Kg7 29. Rd4 Qe5 30. Rxb4 Bc7 31. Ng3 Qa1+ 32. Kg2 Bxg3 33. Qxg3 h6
34. Qc7 Qd1 35. h3 Qd5+ 36. e4 1-0

[Event "Russia Cup Final"]
[Site "Serpuhov RUS"]
[Date "2008.11.08"]
[Round "2.2"]
[White "Vitiugov, N."]
[Black "Yakovich, Yur"]
[Result "1-0"]
[WhiteElo "2638"]
[BlackElo "2567"]
[PlyCount "85"]
[EventDate "2008.11.05"]
[SourceDate "1999.07.01"]

1. d4 d5 2. c4 dxc4 3. Nf3 a6 4. e3 e6 5. Bxc4 c5 6. d5 Nf6 7. dxe6 Qxd1+ 8.
Kxd1 Bxe6 9. Bxe6 fxe6 10. a4 b6 11. Nbd2 Bd6 12. b3 Nc6 13. Bb2 O-O-O 14. Ke2
Rd7 15. Ng5 Re8 16. Nc4 Bc7 17. Rhd1 Rxd1 18. Rxd1 Re7 19. h4 h6 20. Nf3 Rd7
21. Rxd7 Kxd7 22. Nfe5+ Nxe5 23. Nxe5+ Ke7 24. f3 g5 25. hxg5 hxg5 26. g4 Ne8
27. Nd3 Nd6 28. Be5 Bd8 29. Kd2 Nf7 30. Bb8 Kd7 31. a5 Kc6 32. axb6 Bxb6 33.
Ne5+ Nxe5 34. Bxe5 Bd8 35. Kd3 Kd5 36. f4 gxf4 37. Bxf4 c4+ 38. bxc4+ Kc6 39.
g5 Kd7 40. c5 e5 41. g6 Bf6 42. c6+ Kxc6 43. Bh6 1-0

[Event "15th Croatian Open A"]
[Site "Zadar CRO"]
[Date "2008.12.17"]
[Round "6"]
[White "Milanovic, Da"]
[Black "Stevic, H."]
[Result "1/2-1/2"]
[WhiteElo "2553"]
[BlackElo "2588"]
[PlyCount "49"]
[EventDate "2008.12.14"]
[SourceDate "1999.07.01"]

1. d4 d5 2. c4 dxc4 3. Nf3 Nf6 4. e3 e6 5. Bxc4 c5 6. O-O a6 7. Bb3 Nc6 8. Nc3
cxd4 9. exd4 Be7 10. Bg5 O-O 11. Qd2 Nd5 12. Nxd5 exd5 13. Bxe7 Nxe7 14. Rfe1
Qd6 15. Re3 f6 16. Rae1 Nf5 17. R3e2 Bd7 18. Qa5 Bb5 19. Re6 Qd7 20. Qd2 Bc6
21. Qf4 Nh6 22. Qe3 Nf5 23. Qf4 Nh6 24. Qe3 Nf5 25. Qf4 1/2-1/2

[Event "Open A"]
[Site "Moscow RUS"]
[Date "2009.02.06"]
[Round "7"]
[White "Kazhgaleyev, M."]
[Black "Vorobiov, E."]
[Result "1/2-1/2"]
[WhiteElo "2630"]
[BlackElo "2591"]
[PlyCount "85"]
[EventDate "2009.01.31"]
[SourceDate "1999.07.01"]

1. d4 d5 2. c4 dxc4 3. Nf3 e6 4. e3 Nf6 5. Bxc4 c5 6. O-O a6 7. dxc5 Qxd1 8.
Rxd1 Bxc5 9. Be2 Nbd7 10. Nfd2 O-O 11. Nc4 b5 12. Nd6 Nd5 13. Nxc8 Rfxc8 14.
Bf3 N7b6 15. Nd2 Rc7 16. Nb3 Be7 17. e4 Nb4 18. a3 Nc6 19. Bf4 e5 20. Bd2 Rd8
21. Rac1 Nc4 22. Bc3 Rxd1+ 23. Rxd1 Kf8 24. Be2 Nb6 25. Rc1 Bd6 26. Bd2 Na4 27.
Be3 Ke7 28. Kf1 Nd8 29. Rxc7+ Bxc7 30. Bc1 Ne6 31. Bd1 Bb6 32. f3 Nd4 33. Nxd4
Bxd4 34. b3 Nc3 35. Bc2 a5 36. g3 Kd6 37. f4 Kc5 38. Kg2 Ne2 39. Bd2 Bc3 40.
Be3+ Bd4 41. Bd2 Bc3 42. Be3+ Bd4 43. Bd2 1/2-1/2

[Event "2nd Pfalz Open"]
[Site "Neustadt an der Weinstrasse G"]
[Date "2009.02.19"]
[Round "6"]
[White "Borovikov, V."]
[Black "Malakhatko, V."]
[Result "1/2-1/2"]
[WhiteElo "2582"]
[BlackElo "2610"]
[PlyCount "35"]
[EventDate "2009.02.15"]
[SourceDate "1999.07.01"]

1. d4 d5 2. c4 dxc4 3. Nf3 a6 4. e3 b5 5. a4 Bb7 6. b3 e6 7. bxc4 bxc4 8. Bxc4
Nf6 9. Nc3 Nc6 10. a5 Bb4 11. Qb3 Nd5 12. O-O Nxc3 13. Bd2 Nxa5 14. Qxb4 Nxc4
15. Qxb7 Qd5 16. Qb4 Nxd2 17. Nxd2 Qc6 18. Ra5 1/2-1/2

[Event "25th Open"]
[Site "Cappelle la Grande FRA"]
[Date "2009.03.06"]
[Round "8"]
[White "Olszewski, Mi"]
[Black "Bachmann, Ax"]
[Result "1-0"]
[WhiteElo "2517"]
[BlackElo "2563"]
[PlyCount "57"]
[EventDate "2009.02.28"]
[SourceDate "1999.07.01"]

1. d4 d5 2. c4 dxc4 3. Nf3 Nf6 4. e3 e6 5. Bxc4 a6 6. O-O c5 7. dxc5 Bxc5 8.
Qxd8+ Kxd8 9. Nbd2 Nc6 10. Be2 e5 11. b3 Bf5 12. Bb2 Nd7 13. Rac1 f6 14. Rfd1
Kc7 15. Nd4 exd4 16. exd4 Rae8 17. Bf3 Nb4 18. dxc5 Nd3 19. c6 Nxb2 20. cxd7+
Kxd7 21. Rf1 Nd3 22. Rc3 Nb4 23. Nc4 Nxa2 24. Nb6+ Ke7 25. Rc7+ Kf8 26. Rd1 h5
27. h3 Kg8 28. Nd5 Be6 29. Rd2 1-0

[Event "ITT Cerrado LAB GM"]
[Site "Bogota COL"]
[Date "2012.12.22"]
[Round "10.3"]
[White "Almeida Quintana, O."]
[Black "Alvarez Pedraza, A."]
[Result "1/2-1/2"]
[WhiteElo "2506"]
[BlackElo "2513"]
[PlyCount "23"]
[EventDate "2012.12.17"]
[SourceDate "1999.07.01"]

1. d4 d5 2. c4 dxc4 3. Nf3 Nf6 4. e3 e6 5. Bxc4 a6 6. O-O c5 7. dxc5 Bxc5 8.
Qxd8+ Kxd8 9. Nbd2 Ke7 10. a3 b5 11. Be2 Bb7 12. Nb3 1/2-1/2

[Event "TCh-CZE Extraliga 2012-13"]
[Site "Czech Republic CZE"]
[Date "2012.11.04"]
[Round "2.1"]
[White "Tazbir, M."]
[Black "Mista, A."]
[Result "1/2-1/2"]
[WhiteElo "2555"]
[BlackElo "2562"]
[PlyCount "31"]
[EventDate "2012.11.03"]
[SourceDate "1999.07.01"]
[WhiteTeam "TJ Tatran Litovel"]
[BlackTeam "SK Slavoj Poruba"]

1. d4 d5 2. c4 dxc4 3. Nf3 a6 4. e4 b5 5. a4 Bb7 6. Nc3 b4 7. Bxc4 e6 8. Qb3
Nd7 9. Ng5 bxc3 10. Nxf7 Qh4 11. Ng5 Bxe4 12. O-O Bxg2 13. Kxg2 h6 14. Nxe6
Qg4+ 15. Kh1 Qf3+ 16. Kg1 1/2-1/2

[Event "14th Sants Open A Tie-Breaks"]
[Site "Barcelona ESP"]
[Date "2012.08.26"]
[Round "2.1"]
[White "Spraggett, K."]
[Black "Gajewski, G."]
[Result "0-1"]
[WhiteElo "2595"]
[BlackElo "2628"]
[PlyCount "80"]
[EventDate "2012.08.17"]
[SourceDate "1999.07.01"]

1. d4 d5 2. c4 dxc4 3. Nf3 c5 4. e3 cxd4 5. Bxc4 Qc7 6. Qb3 e6 7. exd4 Nf6 8.
O-O Be7 9. Nc3 a6 10. Be3 O-O 11. Rac1 Nc6 12. Be2 Rd8 13. Rfd1 Ng4 14. Na4
Nxe3 15. fxe3 Rb8 16. Qb6 Qd7 17. Nc5 Qe8 18. Bd3 Rd6 19. Ne4 Rd5 20. Qb3 Bd7
21. Bb1 Rh5 22. Ng3 Rh6 23. e4 e5 24. d5 Nd4 25. Nxd4 exd4 26. Rxd4 Bd6 27. Rd3
Qe7 28. Nf1 Qxe4 29. Rh3 Qd4+ 30. Qe3 Qxe3+ 31. Rxe3 Bf4 32. g3 Bxe3+ 33. Nxe3
Re8 34. Rc3 Rd6 35. Kf2 g6 36. Bd3 Rf6+ 37. Ke2 Bg4+ 38. Kd2 Rf2+ 39. Ke1 Rxh2
40. Bf1 Rxb2 0-1

[Event "III Sarkany-Aranytiz GM"]
[Site "Budapest HUN"]
[Date "2012.08.22"]
[Round "5.4"]
[White "Berczes, D."]
[Black "Gonda, L."]
[Result "1/2-1/2"]
[WhiteElo "2530"]
[BlackElo "2547"]
[PlyCount "35"]
[EventDate "2012.08.18"]
[SourceDate "1999.07.01"]

1. d4 d5 2. c4 dxc4 3. Nf3 a6 4. e3 b5 5. a4 Bb7 6. axb5 axb5 7. Rxa8 Bxa8 8.
b3 Nf6 9. bxc4 bxc4 10. Bxc4 e6 11. O-O Be7 12. Nc3 O-O 13. Qe2 c5 14. dxc5
Bxc5 15. Bb2 Nbd7 16. h3 Qe7 17. Ra1 Rb8 18. Nb5 1/2-1/2

[Event "2nd Riga Tech Open"]
[Site "Riga LAT"]
[Date "2012.08.09"]
[Round "6.2"]
[White "Fridman, D."]
[Black "Romanov, E."]
[Result "1/2-1/2"]
[WhiteElo "2653"]
[BlackElo "2595"]
[PlyCount "29"]
[EventDate "2012.08.06"]
[SourceDate "1999.07.01"]

1. d4 d5 2. c4 dxc4 3. Nf3 Nf6 4. e3 b5 5. a4 b4 6. Bxc4 e6 7. O-O Be7 8. Nbd2
O-O 9. a5 c5 10. dxc5 Bxc5 11. Nb3 Be7 12. Qe2 Bb7 13. Bd2 Nbd7 14. Rac1 Qb8
15. Ba6 1/2-1/2

[Event "45th Biel Masters Open"]
[Site "Biel SUI"]
[Date "2012.08.03"]
[Round "11"]
[White "Golod, V."]
[Black "Bauer, Ch"]
[Result "1-0"]
[WhiteElo "2547"]
[BlackElo "2681"]
[PlyCount "87"]
[EventDate "2012.07.23"]
[SourceDate "1999.07.01"]

1. d4 d5 2. c4 dxc4 3. Nf3 Nf6 4. e3 g6 5. Bxc4 Bg7 6. O-O O-O 7. a3 Ne4 8. Bd3
Nd6 9. Qc2 Nc6 10. d5 Na5 11. Ra2 c5 12. Qxc5 b6 13. Qc2 Bb7 14. e4 f5 15. Rd1
Rc8 16. Nc3 Qd7 17. e5 Ne4 18. Bxe4 fxe4 19. Qxe4 e6 20. Qe2 Nb3 21. Be3 Rf5
22. Qc2 Na5 23. Nd4 Rxe5 24. Nxe6 Bxd5 25. Nf4 Qf7 26. Nfxd5 Rxd5 27. Raa1 Rf5
28. Rac1 Nb3 29. Rb1 h6 30. Qe2 Bxc3 31. bxc3 Kh7 32. Qg4 Na5 33. Rb5 Nc4 34.
Bd4 Nxa3 35. Rxf5 Qxf5 36. Qe2 Qf8 37. Re1 Rc7 38. h4 Nc4 39. h5 Qf7 40. Qd3 b5
41. Re4 Rd7 42. Rf4 Qe6 43. Rf8 Ne5 44. Bxe5 1-0